00309nam a2200121Ia 45000030006000000080041000060400015000471000021000622450043000832600032001265460012001580050017001700STCL150530s9999 xx 000 0 und d aSTCLcSTCL aSastry,N.S.R. Ed aReserve Bank of India Bullettin vol-19 bReserve Bank of Indiac1965 aEnglish20220125165418.0